<?xml version="1.0" encoding="UTF-8"?>
<record
    xmlns:xsi="http://www.w3.org/2001/XMLSchema-instance"
    xsi:schemaLocation="http://www.loc.gov/MARC21/slim http://www.loc.gov/standards/marcxml/schema/MARC21slim.xsd"
    xmlns="http://www.loc.gov/MARC21/slim">

  <leader>01148nam a2200265Ia 4500</leader>
  <controlfield tag="003">IN-BaIIA</controlfield>
  <controlfield tag="008">211028s9999    xx            000 0 eng d</controlfield>
  <datafield tag="020" ind1=" " ind2=" ">
    <subfield code="a">0-7923-1278-3</subfield>
  </datafield>
  <datafield tag="040" ind1=" " ind2=" ">
    <subfield code="c">IIA Library</subfield>
  </datafield>
  <datafield tag="080" ind1=" " ind2=" ">
    <subfield code="a">524.352(082.2)</subfield>
    <subfield code="b">COS</subfield>
  </datafield>
  <datafield tag="111" ind1=" " ind2=" ">
    <subfield code="a">NATO Advanced Study Institute Conference</subfield>
    <subfield code="c">Italy</subfield>
    <subfield code="d">1990 July 26- Aug. 5</subfield>
    <subfield code="9">18751</subfield>
  </datafield>
  <datafield tag="245" ind1=" " ind2="0">
    <subfield code="a">Cosmic rays, supernovae and the interstellar medium</subfield>
    <subfield code="b">proceedings of the NATO Advanced Study Institute on&#xA0;Cosmic&#xA0;Rays,&#xA0;Supernovae, and the&#xA0;Interstellar&#xA0;Medium, Erice, Italy, July 26-August 5, 1990</subfield>
    <subfield code="c">edited by Maurice M. Shapiro, Rein Silberberg and John P. Wefel                                          </subfield>
  </datafield>
  <datafield tag="260" ind1=" " ind2=" ">
    <subfield code="a">Dordrecht</subfield>
    <subfield code="b">Kluwer Academic</subfield>
    <subfield code="c">1991</subfield>
  </datafield>
  <datafield tag="300" ind1=" " ind2=" ">
    <subfield code="a">ix, 350p.</subfield>
  </datafield>
  <datafield tag="490" ind1=" " ind2=" ">
    <subfield code="a">NATO ASI series. Series C : mathematical and physical scienc</subfield>
  </datafield>
  <datafield tag="650" ind1=" " ind2=" ">
    <subfield code="a">Astronomy and astrophysics thesaurus</subfield>
  </datafield>
  <datafield tag="650" ind1=" " ind2=" ">
    <subfield code="a">Cosmic rays</subfield>
  </datafield>
  <datafield tag="650" ind1=" " ind2=" ">
    <subfield code="a">Interstellar medium</subfield>
    <subfield code="9">3375</subfield>
  </datafield>
  <datafield tag="650" ind1=" " ind2=" ">
    <subfield code="a">Supernovae</subfield>
  </datafield>
  <datafield tag="700" ind1=" " ind2=" ">
    <subfield code="a">Shapiro, Maurice M., ed.</subfield>
    <subfield code="9">13990</subfield>
  </datafield>
  <datafield tag="700" ind1=" " ind2=" ">
    <subfield code="a">Silberberg, Rein, ed.</subfield>
    <subfield code="9">18752</subfield>
  </datafield>
  <datafield tag="700" ind1=" " ind2=" ">
    <subfield code="a">Wefel, John P., ed</subfield>
    <subfield code="9">18753</subfield>
  </datafield>
  <datafield tag="710" ind1=" " ind2=" ">
    <subfield code="a">NATO Advanced Study Institute</subfield>
    <subfield code="9">5368</subfield>
  </datafield>
  <datafield tag="942" ind1=" " ind2=" ">
    <subfield code="c">BK</subfield>
  </datafield>
  <datafield tag="999" ind1=" " ind2=" ">
    <subfield code="c">10976</subfield>
    <subfield code="d">10976</subfield>
  </datafield>
  <datafield tag="952" ind1=" " ind2=" ">
    <subfield code="0">0</subfield>
    <subfield code="1">0</subfield>
    <subfield code="4">0</subfield>
    <subfield code="7">0</subfield>
    <subfield code="a">BAN</subfield>
    <subfield code="b">BAN</subfield>
    <subfield code="c">GEN</subfield>
    <subfield code="d">1994-03-18</subfield>
    <subfield code="l">1</subfield>
    <subfield code="o">524.352(082.2)/ COS</subfield>
    <subfield code="p">11889</subfield>
    <subfield code="r">2023-04-26</subfield>
    <subfield code="s">2023-04-03</subfield>
    <subfield code="w">1994-03-18</subfield>
    <subfield code="y">BK</subfield>
  </datafield>
</record>
